000 00331nam a2200133Ia 4500
008 240624s9999 xx 000 0 und d
041 _aeng
082 _a210 MAR
100 _aMARITAIN JACQUES
245 _aINTRODUCTION TO PHILOSOPHY
260 _c2016
_aNew Delhi
_bBloomsbury
300 _axv, 178 p.; 19 cm.
365 _cRS
_b30
999 _c29542
_d29542